Análisis de la gestión económica y financiera del Municipio de San José de Cúcuta (Registro nro. 87985)
[ vista simple ]
| 000 -CABECERA | |
|---|---|
| campo de control de longitud fija | 00823nam a2200229Ia 4500 |
| 001 - NÚMERO DE CONTROL | |
| campo de control | 87985 |
| 003 - IDENTIFICADOR DEL NÚMERO DE CONTROL | |
| campo de control | 166473 |
| 005 - FECHA Y HORA DE LA ÚLTIMA TRANSACCIÓN | |
| campo de control | 20250129063002.0 |
| 008 - DATOS DE LONGITUD FIJA--INFORMACIÓN GENERAL | |
| campo de control de longitud fija | 021127s2002 ck ||||||m| 000 0 spa d |
| 245 #0 - MENCIÓN DE TÍTULO | |
| Título | Análisis de la gestión económica y financiera del Municipio de San José de Cúcuta |
| 260 ## - PUBLICACIÓN, DISTRIBUCIÓN, ETC. | |
| Fecha de publicación, distribución, etc. | 2002. |
| 562 ## - NOTA DE IDENTIFICACIÓN DE LA COPIA Y VERSIÓN | |
| Número de copias | 1 |
| 650 #0 - PUNTO DE ACCESO ADICIONAL DE MATERIA--TÉRMINO DE MATERIA | |
| Término de materia o nombre geográfico como elemento de entrada | Análisis financiero |
| 9 (RLIN) | 106548 |
| 650 ## - PUNTO DE ACCESO ADICIONAL DE MATERIA--TÉRMINO DE MATERIA | |
| Término de materia o nombre geográfico como elemento de entrada | CUCUTA, NORTE DE SANTANDER (COLOMBIA) |
| 9 (RLIN) | 96039 |
| 650 ## - PUNTO DE ACCESO ADICIONAL DE MATERIA--TÉRMINO DE MATERIA | |
| Término de materia o nombre geográfico como elemento de entrada | ESPECIALIZACIÓN EN FINANZAS PÚBLICAS--TESIS Y DISERTACIONES ACADÉMICAS |
| 9 (RLIN) | 34486 |
| 650 ## - PUNTO DE ACCESO ADICIONAL DE MATERIA--TÉRMINO DE MATERIA | |
| Término de materia o nombre geográfico como elemento de entrada | HACIENDA MUNICIPAL--PINCHOTE (SANTANDER, COLOMBIA) |
| 9 (RLIN) | 12754 |
| 650 ## - PUNTO DE ACCESO ADICIONAL DE MATERIA--TÉRMINO DE MATERIA | |
| Término de materia o nombre geográfico como elemento de entrada | PRESUPUESTO MUNICIPAL--COLOMBIA |
| 9 (RLIN) | 8432 |
| 650 ## - PUNTO DE ACCESO ADICIONAL DE MATERIA--TÉRMINO DE MATERIA | |
| Término de materia o nombre geográfico como elemento de entrada | RECAUDACIÓN DE IMPUESTOS |
| 9 (RLIN) | 108711 |
| 650 ## - PUNTO DE ACCESO ADICIONAL DE MATERIA--TÉRMINO DE MATERIA | |
| Término de materia o nombre geográfico como elemento de entrada | SITUACION FINANCIERA |
| 9 (RLIN) | 72849 |
| 650 ## - PUNTO DE ACCESO ADICIONAL DE MATERIA--TÉRMINO DE MATERIA | |
| Término de materia o nombre geográfico como elemento de entrada | TESIS Y DISERTACIONES ACADÉMICAS |
| 9 (RLIN) | 108712 |
| 942 ## - ELEMENTOS DE PUNTO DE ACCESO ADICIONAL (KOHA) | |
| Tipo de ítem Koha | Tesis |
| Estado de retiro | Estado de pérdida | Estado dañado | No para préstamo | Código de colección | Localización permanente | Ubicación/localización actual | Coste, precio normal de compra | Total de préstamos | Signatura topográfica completa | Código de barras | Número de copia | Tipo de ítem Koha |
|---|---|---|---|---|---|---|---|---|---|---|---|---|
| Trabajos de Grado | Cúcuta - Sede Norte de Santander-Arauca | Cúcuta - Sede Norte de Santander-Arauca | 0.00 | NSA006 2002 | NSA5507 | 1 | Tesis |

